Código procesal penal Ley 27.063. análisis doctrinal y jurisprudencial / 2 :
Guardado en:
| Otros Autores: | |
|---|---|
| Formato: | Libro |
| Idioma: | Spanish |
| Publicado: |
Buenos Aires :
Hammurabi,
2018.
|
| Edición: | 1a. ed. |
| Etiquetas: |
Agregar Etiqueta
Sin Etiquetas, Sea el primero en etiquetar este registro!
|
| LEADER | 00740nam a22001695a 4500 | ||
|---|---|---|---|
| 001 | DER.der013762 | ||
| 008 | 181128s2018####ag############000#0#spa#d | ||
| 005 | 20241218120244.0 | ||
| 245 | 1 | 0 | |a Código procesal penal Ley 27.063. |n 2 : |b análisis doctrinal y jurisprudencial / |c dirigido por Roberto R. Daray y coordinado por Miguel Á. Asturias. |
| 250 | |a 1a. ed. | ||
| 260 | |a Buenos Aires : |b Hammurabi, |c 2018. | ||
| 300 | |a 580 p. | ||
| 500 | |a Artículos 195 a 349. Procedimiento ordinario. Procedimientos especiales. Control de las decisiones judiciales. Ejecución. Actos de las fuerzas armadas. | ||
| 020 | |a 9789507419270 | ||
| 700 | 1 | |a Daray, Roberto R., |e dir. | |
| 700 | 1 | |a Daray, Roberto R., |e coord. | |
| 859 | |a DERECHO |b BIB. DERECHO |h 347.05 |i DAR |p 008832 | ||
